Reverse Alphabet: Literature Quiz Stats

 Plays Quiz Updated Jun 8, 2018

Score 0/26 Timer 06:00
5 Plays Today
Question Answer Wrong Answers
*W*
Click the missing word from E.B. White's famous novel: Charlotte's _____
Web
97.4%
Winnings
0.7%
Winnie
0.4%
Website
0.3%
*O*
Click the play by William Shakespeare
Othello
95.3%
Ordelia
0.7%
Oklahoma
0.3%
Once in Venice
0.8%
*H*
Click the missing word from Margaret Atwood's novel The _____ Tale
Handmaid's
94.8%
Hong Kong
0.5%
Hacking
0.5%
Hysterical
0.8%
*S*
Click the missing word from Tennessee Williams'
play A _____ Named Desire
Streetcar
93.6%
Señor
1.2%
Senator
2.1%
Sandwich
0.9%
*J*
Click the nonsense poem by Lewis Carroll
Jabberwocky
92.2%
Jailbirds
2.1%
Japonica
1.2%
Jauntical
1.1%
*V*
Click the missing word from Margery Williams'
children's book: The _____ Rabbit
Velveteen
90.4%
Viennese
3.8%
Valyrian
2.6%
Voluble
1.6%
*L*
Click the 1955 novel by Russian American Vladimir Nabokov
Lolita
90.3%
Loyola
1.6%
Lorraine
1.8%
Lusaka
3%
*D*
Click the 1949 play by Arthur Miller
Death of a Salesman
90.2%
Diary of a Mad Black Woman
2%
Doubt
1.3%
Death and the Maiden
2.7%
*Z*
Click the secret identity of Don Diego de la Vega,
created in 1919 by Johnston McCulley
Zorro
89.5%
Zhivago
7.2%
Zipper
1.2%
Zeppelin
1.8%
*Q*
Click the surname of J. K. Rowling's character,
Hogwarts teacher Quirinus _____
Quirrell
89.3%
Quietly
1.2%
Quentin
5.3%
Quintessential
1.6%
*K*
Click the character from Winnie the Pooh, created by A. A. Milne
Kanga
88.2%
Kaa
5.9%
Kuzco
1.3%
Kenai
1.5%
*X*
Click the location referenced in the poem Kubla Khan,
by Samuel Taylor Coleridge
Xanadu
86.9%
Xalapa
3.6%
Xinji
6.3%
Xerox
2%
*T*
Click the character created by Edgar Rice Burroughs
Tarzan
85.6%
Tinker Bell
7.6%
Titania
2.3%
Tituba
2.2%
*I*
Click the surname of Norwegian poet & playwright Henrik _____
Ibsen
85.2%
Ireland
1.1%
Ipswich
9.6%
Indiana
0.6%
*N*
Click the female snake and Horcrux belonging
to Voldemort in the Harry Potter series
Nagini
84.2%
Nicosia
9.9%
Nicaragua
0.8%
Nietzsche
2.1%
*Y*
Click the name of the dead court jester from Shakespeare's Hamlet
Yorick
82.5%
Yellowbelly
3.7%
Yossarian
6.6%
Yarndley
6.6%
*M*
Click the missing word from Poe's poem The Raven:
Once upon a _____ dreary...
Midnight
82.4%
Moonlight
10%
Midday
3.8%
Mongoose
0.6%
*C*
Click the character NOT from a Shakespearean play
Cherie
80.7%
Coriolanus
3.2%
Caliban
8.2%
Cressida
4%
*F*
Click the author of novels 'The Trial', 'The Metamorphosis,' and 'The Castle'
Franz Kafka
77.4%
Frank McCourt
5.1%
F. Scott Fitzgerald
11.5%
Ford Madox Ford
2.3%
*E*
Click the faction from the Divergent novels which is dedicated
to knowledge, intelligence, curiosity, and astuteness
Erudite
75%
Erstwhile
6.2%
Ergot
9.6%
Erogenous
5.4%
*U*
Click the advanced breed of orcs from Tolkien's The Lord of the Rings
Uruk-hai
74.5%
Ujazi
6.6%
Uranuses
3.5%
Urushiol
13.3%
*A*
Click the literary character who is human
Aragorn
72.5%
Aslan
6.5%
Aragog
4.1%
Aegnor
12.9%
*R*
Click the literary character who is human
Rodion Raskolnikov
69.9%
Reepicheep
2.5%
Rhaegal
14.7%
Rikki-Tikki-Tavi
10.3%
*B*
Click the Great House from A Song of Ice and Fire by George R. R. Martin
Baratheon
61.2%
Brynderwyn
22.1%
Banshee
5.1%
Ballintrillick
7.5%
*P*
Click the full first name of Rick Riordan's title character Percy Jackson
Perseus
52.2%
Percival
43.8%
Perspex
0.7%
Persona
0.5%
*G*
Click the edible wild bird hunted by Katniss Everdeen
in the The Hunger Games
Groosling
49.4%
Gumhen
7.3%
Galah
5.6%
Groundcock
34.1%

You're not logged in!

Compare scores with friends on all Sporcle quizzes.
OR
Log In

You Might Also Like...

Show Comments

Extras

Top Quizzes Today


Score Distribution

Your Account Isn't Verified!

In order to create a playlist on Sporcle, you need to verify the email address you used during registration. Go to your Sporcle Settings to finish the process.

Report this User

Report this user for behavior that violates our Community Guidelines.

Details: